|
|
|
|
| LEADER |
00000nam a22000007a 4500 |
| 005 |
20210419232754.0 |
| 007 |
cr|||| |||| |
| 008 |
210419s2020 cr |||||s|||| 00||0 spa d |
| 020 |
|
|
|a 978-9930-589-08-3
|
| 035 |
|
|
|a 33172
|
| 040 |
|
|
|a vLex
|
| 090 |
|
|
|c 11477
|d 11477
|
| 245 |
0 |
0 |
|a Dil̀ogos de Polt̕ica Pb︢lica sobre la facilitacin̤ de comercio
|h [Recurso electrn̤ico] /
|
| 256 |
|
|
|a Servicio en ln̕ea
|
| 260 |
|
|
|a San Jos:̌
|b LEAD University,
|c 2020
|
| 300 |
|
|
|a 1 recurso electrn̤ico
|
| 500 |
|
|
|a LEAD University, a travš de su Centro de Investigacin̤ en Polt̕ica Pb︢lica y Desarrollo Empresarial, promueve el desarrollo de eventos de relevancia nacional e internacional en temas que proyectan una importante transformacin̤ econm̤ica para el pas̕. Nos damos a la tarea en este nuevo Compendio de hacer un recuento de tres temas relevantes a la Facilitacin̤ de Comercio: la Hacienda Digital, la importancia de la facilitacin̤ del comercio para la reactivacin̤ econm̤ica y la modernizacin̤ de los puestos fronterizos.
|
| 506 |
1 |
|
|a Disponible solo en los productos indicados
|d vLex Global
|d vLex Global (Academic Edition, excluding Law Schools)
|d vLex Global (U.S. Academic Edition, Law Schools)
|d vLex Global (U.S. Academic Edition, excluding Law Schools)
|d vLex Global (Academic Edition, Law Schools)
|
| 650 |
0 |
4 |
|a Comercio
|z Costa Rica
|
| 740 |
0 |
|
|a vLex Libros (Servicio en ln̕ea)
|
| 856 |
4 |
0 |
|u https://vlex.com/source/dialogos-de-politica-publica-sobre-la-facilitacion-de-comercio-33172
|z Acceso restringido
|
| 942 |
|
|
|c BOOK
|
| 999 |
0 |
|
|a Commerce
|